[Event "45th Olympiad 2024"]
[Site "Budapest HUN"]
[Date "2024.09.15"]
[Round "5.36"]
[Board "3"]
[White "Vazquez, Facundo"]
[Black "Yang, ching Wei"]
[Result "1-0"]
[WhiteElo "2388"]
[BlackElo "2121"]
[PlyCount "103"]
[EventDate "2024.09.11"]
[WhiteTeam "Uruguay"]
[BlackTeam "Chinese Taipei"]
[WhiteTeamCountry "URU"]

1. d4 {Huebner,Robert} d5 2. c4 c6 3. Nf3 Nf6 4. g3 Bf5 5. Qb3 Qb6 6. c5 Qxb3 7. axb3 e6 ({RR} 7... Na6 8. Bd2 Ne4 9. e3 Nxd2 10. Kxd2 Nc7 ({RR} 10... Nb4) 11. Nc3 f6 12. b4 a6 13. Nh4 Bd7 14. Na4 Rd8 15. Nb6 g6 16. Bd3 e5 17. f4 e4 18. Be2 f5 19. Rhc1 Be7 20. Ng2 Be6 21. h3 Kf7 22. Rh1 {½-½ Adianto,U (2605)-Piket,J (2580) Donner Memorial 1996 (10)}) 8. Nc3 Be7 9. Bf4 O-O ({RR} 9... Na6 10. Rxa6 bxa6 11. e3 Nh5 12. Bc7 Kd7 13. Ba5 f6 14. Bxa6 Rab8 15. Nd2 g5 16. f3 Bg6 17. Kf2 Ng7 18. b4 Bd8 19. Bxd8 Rhxd8 20. b5 Be8 21. Ra1 Kc7 22. Ra5 cxb5 23. Bxb5 Rb7 24. Bxe8 {1-0 Ambartsumova,K (2418)-Mestnikov,A (2086) Titled Tue 27th Feb Early 2024 (9)}) 10. Bg2 $146 ({RR} 10. b4 Ne4 11. Bg2 Nxc3 12. bxc3 Nd7 13. O-O a6 14. Be3 Bg4 15. Rfe1 Bxf3 16. Bxf3 g5 17. Bd2 f5 18. e3 Rae8 19. Bh5 Rc8 20. Be2 Nf6 21. f3 g4 22. fxg4 fxg4 23. Rf1 Ne4 24. Rxf8+ Rxf8 {½-½ Horvath,K (2100)-Lautier,D Budapest FS10 schev 1998}) ({RR} 10. b4 Ne4 11. Nd2 Nxc3 12. bxc3 Nd7 13. Bg2 g5 14. Be3 b6 15. O-O Rfb8 16. Ra3 bxc5 17. dxc5 e5 18. Nb3 Nf8 19. Rfa1 Rb7 20. Na5 Rc7 21. Nxc6 Rxc6 22. Bxd5 Rac8 23. Bxc6 Rxc6 24. Rxa7 Bf6 {1-0 Ambartsumova,K (2382)-Gunina,V (2471) Motiva Online Blitz (Women) 2021 (13)}) ({RR} 10. Ne5 Nbd7 11. b4 a6 12. f3 Nxe5 13. Bxe5 Nd7 14. Bf4 Bg6 15. h4 h6 16. e3 Rfe8 17. g4 Bf8 18. Bg3 e5 19. Kf2 h5 20. g5 exd4 21. exd4 Bf5 22. Bh3 Bxh3 23. Rxh3 g6 24. Rd1 Bg7 {1-0 Ambartsumova,K (2393)-Nasuta,G (2552) Titled Tue 11th Jul Early 2023 (9)}) 10... h6 11. b4 Ne4 12. Ne5 Nxc3 13. bxc3 f6 14. Nd3 Nd7 15. O-O a6 16. Rfe1 g5 17. Bd2 Bxd3 18. exd3 Kf7 19. Bf3 f5 20. Bh5+ Kf6 21. Re2 Rh8 22. c4 Rhd8 23. Bc3 Nf8 24. Bf3 Kf7 25. Rb2 Bf6 26. b5 axb5 27. Rxa8 Rxa8 28. cxb5 cxb5 29. Rxb5 Ra7 30. Bh5+ Kg7 31. Be8 Bd8 32. Kf1 Ng6 33. Bd7 Ne7 34. Bxe6 Kf6 35. Bd7 Bc7 36. Ke1 Bd8 37. Kd1 Ra3 38. Kc2 Ra7 39. Kb2 Kg6 40. Rb3 Kh5 41. f3 Kg6 42. Ra3 Rxa3 43. Kxa3 Bc7 44. Ka4 h5 45. Be8+ Kh6 46. Ba5 Bb8 47. Bd8 Nc6 48. Bxc6 bxc6 49. Ka5 h4 50. gxh4 g4 51. Bg5+ Kh5 52. f4 1-0

[Event "45th Olympiad 2024"]
[Site "Budapest HUN"]
[Date "2024.09.15"]
[Round "5.36"]
[Board "4"]
[White "Wang, Ting-Hao"]
[Black "Roselli Mailhe, Bernardo"]
[Result "0-1"]
[WhiteElo "1842"]
[BlackElo "2362"]
[PlyCount "106"]
[EventDate "2024.09.11"]
[WhiteTeam "Chinese Taipei"]
[BlackTeam "Uruguay"]
[BlackTeamCountry "URU"]

1. e4 e6 2. d4 d5 3. Nc3 Bb4 4. Nge2 Nc6 5. a3 Ba5 6. e5 f6 7. Nf4 Qe7 8. Bb5 Bd7 9. Bxc6 Bxc6 10. O-O f5 $146 ({RR} 10... fxe5 11. dxe5 Nh6 12. b4 Bb6 13. a4 a5 14. b5 Bd7 15. Ncxd5 exd5 16. e6 Bc8 17. Qh5+ Kf8 18. Ba3 Bc5 19. Nxd5 Bxa3 20. Nxe7 Bxe7 21. Rae1 b6 22. Qf3+ {1-0 Giang,T (2229)-Shuvalov,E (2073) Titled Tue 22nd Aug Early 2023 (6)}) 11. Qh5+ Qf7 12. Qxf7+ Kxf7 13. Nd3 Bxc3 14. bxc3 Ne7 15. Rb1 Nc8 16. Nc5 Nb6 17. f3 Nc4 18. Rf2 Rhc8 19. Kf1 b6 20. Nd3 Bd7 21. Ra1 c5 22. Nb2 cxd4 23. cxd4 Na5 24. Bd2 Bb5+ 25. Ke1 Nc6 26. c3 Rc7 27. Kd1 Rac8 28. Be1 Na5 29. Kc2 Bc4 30. Nxc4 Rxc4 31. Kd3 Ra4 32. Rb2 Nc4 33. Rb3 Ke7 34. Bd2 Kd7 35. Bc1 Kc6 36. Rb4 Ra5 37. a4 Rb8 38. Ra2 Rb7 39. Kc2 b5 40. Rxb5 Rbxb5 41. axb5+ Kxb5 42. Rxa5+ Nxa5 43. Ba3 Kc4 44. g4 fxg4 45. fxg4 Nc6 46. Bf8 g6 47. h3 a5 48. Bd6 Na7 49. Bc7 a4 50. Kb2 Nb5 51. Ba5 a3+ 52. Kc2 a2 53. Kb2 Nxc3 0-1

[Event "45th Olympiad 2024"]
[Site "Budapest HUN"]
[Date "2024.09.15"]
[Round "5.37"]
[Board "1"]
[White "Romanov, Evgeny"]
[Black "Giron, Jorge Ernesto"]
[Result "1-0"]
[WhiteElo "2567"]
[BlackElo "2276"]
[PlyCount "45"]
[EventDate "2024.09.11"]
[WhiteTeam "North Macedonia"]
[BlackTeam "El Salvador"]
[BlackTeamCountry "ESA"]

1. Nf3 Nf6 2. c4 e6 3. g3 d5 4. Bg2 Be7 5. O-O O-O 6. d4 dxc4 7. Qc2 b5 8. a4 b4 9. Ne5 Qxd4 10. Bxa8 Qxe5 11. Bf4 ({RR} 11. Bf3 Ba6 12. Bf4 Qc5 13. Be3 Qa5 14. Bxa7 Nbd7 15. Be3 Ne5 16. Nd2 Nd5 17. Bd4 Nc6 18. Be3 Ne5 19. Bd4 Nc6 20. Be3 Nxe3 21. fxe3 Ne5 22. Be4 f5 23. Bg2 Bg5 24. Nf3 Bxe3+ 25. Kh1 Ng4 {½-½ Andreikin,D (2729)-Hakobyan,A (2608) Titled Tue 4th Apr Early 2023 (10)}) 11... Qa5 ({RR} 11... Qh5 12. Bf3 Ng4 13. Bxg4 Qxg4 14. Qxc4 e5 15. Qxc7 exf4 16. Qxe7 fxg3 17. Nd2 Be6 18. Nf3 gxh2+ 19. Kh1 Bd5 20. Qe5 Bxf3+ 21. exf3 Qxf3+ 22. Kxh2 Nc6 23. Qg3 Qh5+ 24. Kg2 Nd4 25. Rad1 Ne2 26. Qf3 {0-1 Hou,Y (2132)-Zhang,D (2370) 4th Binhai Cup 2024 (1.5)}) 12. Nd2 Ba6 $146 ({RR} 12... c3 13. bxc3 bxc3 14. Nb3 Qh5 15. Bf3 Ng4 16. Bxg4 Qxg4 17. Qxc3 Nd7 18. Qxc7 e5 19. Be3 Qxe2 20. Rfd1 Qg4 21. Na5 Bf6 22. Nc6 e4 23. Rac1 h5 24. Qf4 Qe6 25. Qd6 Qh3 26. Bd4 Kh7 27. Qf4 {1-0 Purnama,T (2368)-Sihite,C (2100) Jakarta Indonesia op 1st 2011 (1)}) 13. Nxc4 Qc5 14. Rac1 Nc6 15. Bxc6 Qxc6 16. Na5 Qd5 17. Nc6 Re8 18. Rfd1 Qh5 19. Nxe7+ Kh8 20. f3 e5 21. g4 Qh3 22. Bxe5 Rxe7 23. Rd8+ 1-0

[Event "45th Olympiad 2024"]
[Site "Budapest HUN"]
[Date "2024.09.15"]
[Round "5.37"]
[Board "2"]
[White "Chavez, Ricardo Ernesto"]
[Black "Lazov, Toni"]
[Result "0-1"]
[WhiteElo "2185"]
[BlackElo "2360"]
[PlyCount "88"]
[EventDate "2024.09.11"]
[WhiteTeam "El Salvador"]
[BlackTeam "North Macedonia"]
[WhiteTeamCountry "ESA"]

1. e4 g6 2. d4 Bg7 3. Nc3 c6 4. Nf3 d6 5. Be3 Nd7 6. Qd2 Qc7 7. Bd3 b5 8. a4 b4 9. Ne2 c5 10. c3 c4 11. Bb1 b3 12. O-O $146 ({RR} 12. d5 Nc5 13. Bd4 f6 14. Be3 a5 15. Nfd4 Bd7 16. Nf4 Nh6 17. Qe2 Ng4 18. Qxc4 Nxe3 19. fxe3 Qb6 20. Nfe6 Bxe6 21. dxe6 O-O 22. O-O Rac8 23. Qe2 Qb7 24. Qg4 d5 25. exd5 Qxd5 26. e4 Qc4 {0-1 Salmensuu,O (2280)-Svorjov,I Helsinki We SKF op 1996 (3)}) ({RR} 12. a5 e5 13. Ng3 h5 14. h4 Ngf6 15. O-O Ng4 16. Ng5 Ndf6 17. f4 Nxe3 18. Qxe3 Ng4 19. Qd2 O-O 20. f5 Bd7 21. Rf3 a6 22. Kh1 Rfe8 23. d5 Rac8 24. Nf1 Bh6 25. Qe1 Qd8 26. Nh3 Kh7 {0-1 Calzetta Ruiz,M (2274)-Movsziszian,K (2475) Claude Pecaut Memorial 2003 (9)}) 12... e5 13. Ng3 h5 14. Qe2 a5 15. dxe5 dxe5 16. Rd1 Ngf6 17. Nd2 Ba6 18. f3 h4 19. Ngf1 Nh5 20. g3 hxg3 21. hxg3 Qc6 22. Bf2 Qe6 23. Ne3 Nf4 24. gxf4 Qh3 25. Bg3 Qxg3+ 26. Qg2 Qxg2+ 27. Kxg2 Nb6 28. fxe5 Bxe5 29. Ng4 f6 30. Nf1 Rd8 31. Re1 g5 32. Nge3 Kf7 33. Kf2 Nd7 34. Ng4 Nf8 35. Nge3 Ng6 36. Nd5 Rh3 37. Kg2 Bc8 38. Re3 Be6 39. Kf2 Rh1 40. Re1 Nh4 41. Re3 Bh3 42. Re1 Bxf1 43. Rxf1 Rh2+ 44. Ke3 Ng2+ 0-1

[Event "45th Olympiad 2024"]
[Site "Budapest HUN"]
[Date "2024.09.15"]
[Round "5.37"]
[Board "3"]
[White "Nikolovski, Nikola"]
[Black "Morales Carlos"]
[Result "1-0"]
[WhiteElo "2388"]
[BlackElo "2131"]
[PlyCount "73"]
[EventDate "2024.09.11"]
[WhiteTeam "North Macedonia"]
[BlackTeam "El Salvador"]
[BlackTeamCountry "ESA"]

1. e4 c6 2. d4 d5 3. exd5 cxd5 4. Bd3 Nc6 5. c3 Nf6 6. Bf4 Bg4 7. Qb3 Na5 8. Qa4+ Bd7 9. Qc2 Rc8 10. Nd2 Qb6 ({RR} 10... g6 11. Ngf3 Bg7 12. O-O O-O 13. Rae1 Re8 14. h3 b5 15. Qb1 Nc4 16. Nb3 Ne4 17. Re2 e5 18. dxe5 Nxe5 19. Nxe5 Bxe5 20. Bxe5 Rxe5 21. Nd4 Bxh3 22. f4 Rh5 23. gxh3 Rxh3 24. Bxe4 dxe4 25. Qxe4 {1-0 Danielyan,V (2307)-Meunier-Pion,J (2207) Titled Tue 21st Feb Late 2023 (5)}) 11. a4 Nc6 ({RR} 11... Nc4 12. Ra2 Bg4 13. Ndf3 e6 14. h3 Bh5 15. Ne5 Nxe5 16. Bxe5 Nd7 17. Bf4 Be7 18. a5 Qc6 19. Ne2 Nf6 20. a6 b6 21. Qa4 Qxa4 22. Rxa4 O-O 23. O-O Ne8 24. Bb5 Nd6 25. Bxd6 Bxd6 26. Re1 {0-1 Plaskett,H (2488)-Rodshtein,M (2615) Champions Challenge 215th blitz 2007 (3.2)}) 12. Qb3 g6 $146 ({RR} 12... Qxb3 13. Nxb3 Nh5 14. Be3 e6 15. Nf3 Bd6 16. Nc5 Rc7 17. Nxd7 Rxd7 18. Ne5 Rc7 19. Be2 Nf6 20. Nd3 Na5 21. f3 Nd7 22. Bd1 O-O 23. O-O Nc4 24. Bf2 b6 25. Re1 Re8 26. Rc1 Kf8 27. Rc2 {1-0 Ehlvest,J (2597)-Gersov,E (2297) Santo Domingo op 2006 (3)}) 13. Qxb6 axb6 14. Ngf3 Nh5 15. Be3 e6 16. g4 Nf6 17. h3 h5 18. g5 Ng8 19. Bf4 Bg7 20. Ke2 Nge7 21. b4 O-O 22. Nb3 Rfd8 23. Kd2 Bf8 24. a5 bxa5 25. b5 b6 26. bxc6 Nxc6 27. Ne5 Nxe5 28. Bxe5 a4 29. Nc1 Be7 30. h4 Be8 31. Na2 Bd6 32. f4 b5 33. Rhb1 Rb8 34. Nb4 Rb7 35. Nc2 Bxe5 36. fxe5 Rdb8 37. Rb4 1-0

[Event "45th Olympiad 2024"]
[Site "Budapest HUN"]
[Date "2024.09.15"]
[Round "5.37"]
[Board "4"]
[White "Guevara Ruiz, Marvin Andres"]
[Black "Zlatkov, Anton"]
[Result "0-1"]
[WhiteElo "2003"]
[BlackElo "2346"]
[PlyCount "56"]
[EventDate "2024.09.11"]
[WhiteTeam "El Salvador"]
[BlackTeam "North Macedonia"]
[WhiteTeamCountry "ESA"]

1. e4 c5 2. Nf3 Nc6 3. d4 cxd4 4. Nxd4 Nf6 5. Nc3 e6 6. Bg5 h6 7. Bh4 Bb4 ({RR} 7... Qb6 8. Bxf6 gxf6 9. Nb3 Rg8 10. g3 a6 11. Bg2 Qc7 12. O-O Ne5 13. a4 b6 14. Qd4 Bb7 15. Nd1 Be7 16. Ne3 h5 17. a5 b5 18. c4 Nxc4 19. Rfc1 Rc8 20. Nxc4 bxc4 21. Ra4 Qb8 22. Raxc4 {½-½ Nicevski,R (2410)-Martinovic,S (2475) YUG-ch36 Final 1981 (13)}) 8. Nxc6 bxc6 9. Bxf6 ({RR} 9. e5 Qa5 10. exf6 Bxc3+ 11. bxc3 Qxc3+ 12. Ke2 Ba6+ 13. Qd3 Bxd3+ 14. cxd3 Qxa1 15. g3 g5 16. Bg2 Qe5+ 17. Kd2 gxh4 18. gxh4 Rb8 19. Be4 Rb2+ 20. Ke3 Qxf6 21. Rf1 Qxh4 22. f3 Qxh2 23. f4 c5 {0-1 Dudipalli,H (1457)-Poliakova,V (1981) Swiss Queens Wed #22 2024 (3.197)}) 9... Qxf6 10. Qd2 $146 ({RR} 10. Qf3 Qxf3 11. gxf3 d5 12. a3 Bd6 13. O-O-O O-O 14. Ne2 Bb7 15. Bg2 Bc5 16. Nd4 e5 17. Nf5 Rfe8 18. Rd2 Bc8 19. Ne3 dxe4 20. fxe4 Bxe3 21. fxe3 Bg4 22. Rf1 Rad8 23. Rff2 Kf8 24. b4 Ke7 {0-1 Janotta,S (1990)-Knuth,H (2299) Mecklenburg VP-ch MT 2005 (4.2)}) 10... O-O 11. Be2 d5 12. exd5 cxd5 13. Rd1 Bb7 14. O-O Rfc8 15. Bd3 a5 16. Qc1 Bxc3 17. bxc3 Ba6 18. c4 Bxc4 19. Qa3 Bxd3 20. cxd3 Qd4 21. Rd2 Rc3 22. Qb2 Rac8 23. h3 a4 24. Rfd1 a3 25. Qb7 Rc1 26. Qb3 R8c3 27. Qb5 Qf4 28. Kh1 Qxd2 0-1

[Event "45th Olympiad 2024"]
[Site "Budapest HUN"]
[Date "2024.09.15"]
[Round "5.38"]
[Board "1"]
[White "Amartuvshin, Ganzorig"]
[Black "Eltigani, Omar"]
[Result "1-0"]
[WhiteElo "2402"]
[BlackElo "2241"]
[PlyCount "79"]
[EventDate "2024.09.11"]
[WhiteTeam "Mongolia"]
[BlackTeam "Sudan"]
[WhiteTeamCountry "MGL"]
[BlackTeamCountry "SUD"]

1. d4 d5 2. c4 c6 3. Nc3 Nf6 4. Nf3 e6 5. Bg5 h6 6. Bxf6 Qxf6 7. e3 Nd7 8. Be2 g6 9. O-O dxc4 10. Ne4 Qe7 11. Ne5 Bg7 12. f4 O-O 13. Bxc4 Nb6 14. Bb3 Nd5 $146 ({RR} 14... a5 15. a3 a4 16. Ba2 Nd5 17. Qf3 Bd7 18. Nc5 Be8 19. Rac1 b6 20. Ncd3 Rc8 21. e4 Nc7 22. Qe3 Nb5 23. Rc4 Nd6 24. Rc2 c5 25. dxc5 bxc5 26. Rfc1 Bb5 27. Nxc5 Rc7 28. Ncd3 Rfc8 29. Rxc7 {½-½ Ozen,B (2369)-Yoo,C (2485) Speed Chess GP4 blitz 2021 (8)}) ({RR} 14... Bd7 15. Nc5 Be8 16. Rc1 Nd5 17. Qf3 Rd8 18. Rfd1 b6 19. Ncd3 Rd6 20. a3 g5 21. Nb4 Nxb4 22. axb4 Rd8 23. Rc4 Rd6 24. g3 Bd7 25. Rdc1 Rc8 26. Ba4 gxf4 27. gxf4 Kh8 28. Nxd7 Rxd7 29. Bxc6 {1-0 Sargsyan,S (2634)-Gurel,E (2560) World Rapid 2023 (11.30)}) 15. Qe2 Kh7 16. Bc2 Nb4 17. Bb1 f5 18. a3 Nd5 19. Nc3 Bxe5 20. fxe5 Bd7 21. Bc2 b6 22. Bb3 Nxc3 23. bxc3 c5 24. c4 Bc6 25. d5 Bb7 26. e4 f4 27. Qg4 Qg5 28. Qxg5 hxg5 29. Ba4 Bc8 30. Bc6 Rb8 31. a4 Bb7 32. Bb5 a6 33. Bd7 Bc8 34. dxe6 Bxd7 35. exd7 Kg7 36. Rfd1 Kf7 37. Rd6 Ke7 38. Rad1 Rg8 39. h3 Rbd8 40. Kf2 1-0

[Event "45th Olympiad 2024"]
[Site "Budapest HUN"]
[Date "2024.09.15"]
[Round "5.38"]
[Board "2"]
[White "Ahmed Hassan"]
[Black "Chinguun, Sumiya"]
[Result "0-1"]
[WhiteElo "2234"]
[BlackElo "2389"]
[PlyCount "96"]
[EventDate "2024.09.11"]
[WhiteTeam "Sudan"]
[BlackTeam "Mongolia"]
[WhiteTeamCountry "SUD"]
[BlackTeamCountry "MGL"]

1. e4 c5 2. Nf3 d6 3. Bb5+ Bd7 4. Bxd7+ Qxd7 5. O-O Nc6 6. c3 Nf6 7. d4 Nxe4 8. d5 Nb8 9. Re1 Nf6 10. c4 g6 11. Nc3 Bg7 12. Qe2 Na6 13. Nb5 $146 ({RR} 13. Bg5 h6 14. Bh4 g5 15. Bg3 Nh5 16. Nb5 Nxg3 17. hxg3 Bf6 18. Nh2 h5 19. g4 h4 20. Rad1 Nc7 21. Nxc7+ Qxc7 22. Rd3 O-O-O 23. a3 Kb8 24. Rb1 Rhe8 25. Rf3 Rf8 26. b4 Rc8 27. Rfb3 cxb4 {0-1 Shepley,J (1997)-Porter,S (1991) Crawley e2e4 Gatwick op U2050 2016 (3)}) ({RR} 13. Rb1 b6 14. a3 Rb8 15. b4 Rb7 16. Bb2 O-O 17. Ne4 Nxe4 18. Bxg7 Kxg7 19. Qxe4 Re8 20. Ng5 Rbb8 21. Rb3 Rf8 22. Rh3 Rh8 23. Qh4 Kg8 24. Qh6 Nc7 25. Rf3 f6 26. Rfe3 Re8 27. Ne4 Kf7 {1-0 Chanoine,G (2276)-Fomichenko,E (2458) Avoine op 25th 2010 (4)}) ({RR} 13. h3 Nc7 14. Bf4 b5 15. cxb5 O-O 16. Rad1 Rfe8 17. a4 Rab8 18. Qd3 a6 19. Ra1 axb5 20. axb5 Nxb5 21. Ra5 Nc7 22. Ra7 Rb4 23. Bd2 Ra8 24. Rea1 Rxa7 25. Rxa7 Qc8 26. Rxc7 Qxc7 27. Nb5 Qb7 {0-1 Polgar,T (2081)-Pedersen,C (2426) Philadelphia int op 12th 2018 (1)}) 13... Nc7 14. Qxe7+ Qxe7 15. Nxc7+ Kd7 16. Rxe7+ Kxe7 17. Nxa8 Rxa8 18. Bf4 h6 19. a4 Kd7 20. Re1 a6 21. a5 Rb8 22. Bd2 b5 23. axb6 Rxb6 24. Bc3 Ne8 25. Bxg7 Nxg7 26. Re2 Rb3 27. Ne1 Nf5 28. Nf3 Nd4 29. Nxd4 cxd4 30. Rd2 d3 31. f3 Kc7 32. Kf2 Kb6 33. Ke3 Kc5 34. Rd1 Kxc4 35. Ra1 Rxb2 36. Ra4+ Kxd5 37. g4 Rxh2 38. Kxd3 h5 39. gxh5 gxh5 40. Rxa6 h4 41. Ra5+ Ke6 42. Rh5 h3 43. Ke3 d5 44. f4 Rh1 45. Kf2 d4 46. Re5+ Kd6 47. Rf5 d3 48. Ke3 h2 0-1

[Event "45th Olympiad 2024"]
[Site "Budapest HUN"]
[Date "2024.09.15"]
[Round "5.38"]
[Board "3"]
[White "Munkhdalai, Amilal"]
[Black "Hamid Ibrahim"]
[Result "1-0"]
[WhiteElo "2374"]
[BlackElo "2090"]
[PlyCount "91"]
[EventDate "2024.09.11"]
[WhiteTeam "Mongolia"]
[BlackTeam "Sudan"]
[WhiteTeamCountry "MGL"]
[BlackTeamCountry "SUD"]

1. e4 c5 2. Nf3 d6 3. d4 cxd4 4. Nxd4 Nc6 5. c4 Nf6 6. Nc3 g6 7. Be2 Bg7 8. Be3 O-O 9. O-O a6 10. Qd2 Ng4 11. Bxg4 Bxg4 12. f3 Bd7 13. Rfd1 Rc8 14. b3 f5 ({RR} 14... Nxd4 15. Bxd4 Be6 16. Rac1 Bxd4+ 17. Qxd4 f6 18. Nd5 Kg7 19. a4 Bxd5 20. exd5 a5 21. Re1 Qc7 22. Re6 b6 23. Rce1 Rf7 24. g4 h6 25. h4 Kf8 26. g5 Qc5 27. Qxc5 bxc5 28. gxf6 Rxf6 29. Rxf6+ {1-0 Vukic,M (2500)-Pfeiffer,H (2290) Oberwart op 1991}) 15. exf5 gxf5 16. Rac1 Qe8 $146 ({RR} 16... Ne5 17. Nd5 Ng6 18. Bg5 Qe8 19. Ne2 Bc6 20. Nef4 Bxd5 21. Qxd5+ Kh8 22. Nxg6+ Qxg6 23. Bxe7 Rg8 24. Qxd6 Qh5 25. Bf6 h6 26. Rc2 Rce8 27. Rcd2 Kh7 28. Bxg7 Rxg7 29. Qf4 Reg8 30. Rd7 Qg6 31. g3 {1-0 Michelle,C (2242)-Soumya,S (2341) IND-ch (Women) 42nd 2015 (7)}) 17. Nd5 e5 18. Nxc6 Bxc6 19. Bg5 Rf7 20. Nb6 Rb8 21. Qxd6 Bf8 22. Qd2 Bc5+ 23. Be3 Bxb6 24. Bxb6 Rg7 25. Rc3 Qh5 26. Rf1 Re8 27. Rf2 Rg6 28. Rd3 e4 29. Rd8 Rg7 30. f4 Rge7 31. Be3 Kf7 32. Rxe8 Kxe8 33. Qd6 Qg6 34. Qb8+ Kf7 35. Rd2 Qg7 36. Rd4 Re8 37. Qc7+ Kg8 38. Qa5 Qf6 39. Qd2 Kf7 40. Qa5 Kg8 41. b4 Qh4 42. b5 axb5 43. cxb5 b6 44. Qb4 Bb7 45. Rd7 Qh5 46. Qd4 1-0

[Event "45th Olympiad 2024"]
[Site "Budapest HUN"]
[Date "2024.09.15"]
[Round "5.38"]
[Board "4"]
[White "Eltag, Siddig"]
[Black "Itgelt, Khuyagtsogt"]
[Result "0-1"]
[WhiteElo "2138"]
[BlackElo "2412"]
[PlyCount "72"]
[EventDate "2024.09.11"]
[WhiteTeam "Sudan"]
[BlackTeam "Mongolia"]
[WhiteTeamCountry "SUD"]
[BlackTeamCountry "MGL"]

1. d4 Nf6 2. c4 g6 3. Nc3 d5 4. Nf3 Bg7 5. Qb3 dxc4 6. Qxc4 O-O 7. e4 a6 8. a4 b5 9. Qb3 c5 10. dxc5 Be6 11. Qa3 b4 12. Qxb4 Nc6 13. Qa3 Rb8 14. a5 Nb4 15. Qa4 Bb3 16. Qxb3 Nd3+ 17. Bxd3 Rxb3 18. Bc2 $146 ({RR} 18. Bxa6 Rxc3 19. bxc3 Nxe4 20. Be3 Bxc3+ 21. Ke2 Bxa1 22. Rxa1 Qb8 23. Kf1 Qa7 24. Be2 Nxc5 25. a6 Rc8 26. Nd4 e5 27. Nb3 Nxb3 28. Bxa7 Nxa1 29. Be3 Nc2 30. Bb6 Nd4 31. Bxd4 Rc1+ 32. Bd1 Rxd1+ {0-1 Andersen,S (2130)-Svane,H (2159) North Sea Cup 20th 2005 (5)}) 18... Rxc3 19. bxc3 Nxe4 20. Ra3 Nxc3 21. Bd2 Nb5 22. Rd3 Qc7 23. O-O Qxc5 24. Bb3 Nd6 25. Rc1 Qb5 26. Re3 Rd8 27. g4 h5 28. h3 hxg4 29. hxg4 Qd7 30. Nh2 Nb5 31. Bb4 e6 32. Nf3 Nd4 33. Bc4 Nxf3+ 34. Rxf3 Qd4 35. Be7 Rc8 36. Rd3 Rxc4 0-1

[Event "45th Olympiad 2024"]
[Site "Budapest HUN"]
[Date "2024.09.15"]
[Round "5.39"]
[Board "1"]
[White "Ahmad, Al Khatib"]
[Black "Mohammad Fahad, Rahman"]
[Result "0-1"]
[WhiteElo "2302"]
[BlackElo "2419"]
[PlyCount "118"]
[EventDate "2024.09.11"]
[WhiteTeam "Jordan"]
[BlackTeam "Bangladesh"]
[WhiteTeamCountry "JOR"]
[BlackTeamCountry "BAN"]

1. d4 d5 2. Nf3 Nf6 3. c4 e6 4. cxd5 exd5 5. Qc2 g6 6. Bg5 c6 7. Nc3 Be7 8. e3 Bf5 9. Bd3 Bxd3 10. Qxd3 Nbd7 11. O-O O-O 12. Qc2 Re8 13. Bxf6 ({RR} 13. Rab1 Ne4 14. Bxe7 Qxe7 15. Nxe4 Qxe4 16. Qxe4 Rxe4 17. Nd2 {½-½ Kuzmin,A (2568)-Vladimirov,Y (2605) Dubai op 2002 (8)}) 13... Nxf6 14. Ne5 Bd6 15. f4 Qe7 $146 ({RR} 15... Kg7 16. Rf3 Ng8 17. Rg3 Bxe5 18. dxe5 f6 19. Ne2 fxe5 20. fxe5 Rxe5 21. Rf1 Qd6 22. Nd4 Nh6 23. Qc3 Kg8 24. Rh3 Ng4 25. Nf3 Rxe3 26. Qd4 Re4 27. Qd2 Rae8 28. Rg3 Qc5+ 29. Kh1 Qe3 30. Qc2 {0-1 Maltsevskaya,A (2260)-Fakhrutdinov,T (2429) Khanty-Mansiysk Governor Cup 13th 2017 (3)}) 16. a3 a5 17. Rf3 Rac8 18. Raf1 Rf8 19. g4 Bxe5 20. fxe5 Nxg4 21. h3 Nxe3 22. Rxe3 Qg5+ 23. Kf2 Qf4+ 24. Ke2 Qxd4 25. Qa4 Qb6 26. Nd1 Rce8 27. Rf4 c5 28. Rf6 Qc7 29. Qf4 Re6 30. Nf2 h5 31. Rxe6 fxe6 32. Qg3 Kg7 33. Rf3 Rxf3 34. Kxf3 Qf7+ 35. Kg2 c4 36. h4 b5 37. Qf3 b4 38. axb4 axb4 39. Qxf7+ Kxf7 40. Kf3 g5 41. hxg5 Kg6 42. Nh3 b3 43. Nf4+ Kxg5 44. Nxe6+ Kf5 45. Nf4 c3 46. Nd3 cxb2 47. Nxb2 Kxe5 48. Ke3 h4 49. Nd3+ Kf5 50. Kf3 d4 51. Nb2 h3 52. Nd3 h2 53. Kg2 Kg4 54. Kxh2 Kf3 55. Kg1 Ke3 56. Nb2 Ke2 57. Na4 d3 58. Nc3+ Ke1 59. Kg2 d2 0-1

[Event "45th Olympiad 2024"]
[Site "Budapest HUN"]
[Date "2024.09.15"]
[Round "5.39"]
[Board "2"]
[White "Manon, Reja Neer"]
[Black "Loay, Sameer"]
[Result "1-0"]
[WhiteElo "2417"]
[BlackElo "2194"]
[PlyCount "77"]
[EventDate "2024.09.11"]
[WhiteTeam "Bangladesh"]
[BlackTeam "Jordan"]
[WhiteTeamCountry "BAN"]
[BlackTeamCountry "JOR"]

1. e4 c5 2. Nf3 Nc6 3. Bb5 Nf6 4. Nc3 Nd4 5. e5 Nxb5 6. Nxb5 Nd5 7. Ng5 f6 8. Qh5+ g6 9. Qf3 fxg5 10. Qxd5 Qb6 ({RR} 10... a6 11. Nc3 Bg7 12. Qxc5 O-O 13. d4 d6 14. Qc4+ Kh8 15. Bxg5 dxe5 16. dxe5 Qa5 17. O-O Qxe5 18. Bh4 Be6 19. Qb4 Rf4 20. Qxb7 Rb8 21. Qxe7 Rbf8 22. Bg3 R8f6 23. Rae1 {1-0 Ozates,T (2309)-Balla,T (2308) Titled Tue 3rd Oct Early 2023 (8)}) 11. a4 e6 $146 ({RR} 11... a6 12. Nc3 Qc6 13. O-O Bg7 14. Re1 Qe6 15. Qxc5 d6 16. Qd5 dxe5 17. d4 Qf5 18. dxe5 Be6 19. Qxb7 O-O 20. Be3 Rab8 21. Qxa6 Rxb2 22. Ne2 Bd5 23. Qd3 Qxd3 24. cxd3 Bxe5 25. d4 Bd6 26. Nc3 {½-½ Stillger,B (2327)-Proeschold,B (2030) Oberliga NRW 0001 I 2000 (9.8)}) 12. Qe4 Be7 13. O-O a6 14. Na3 O-O 15. d3 Qa7 16. a5 b5 17. axb6 Qxb6 18. Nc4 Qa7 19. Qe2 Rb8 20. f4 Bb7 21. fxg5 Rxf1+ 22. Kxf1 Rf8+ 23. Kg1 Qb8 24. h4 Rf5 25. Bd2 Bd5 26. Bc3 Rf4 27. g3 Rf3 28. Ne3 Ba8 29. Kh2 c4 30. d4 Qb7 31. d5 Rxe3 32. Qxe3 Qxd5 33. Qe2 Bc5 34. Rd1 Qc6 35. Qf1 Qe4 36. Rxd7 Bf2 37. Rd8+ Kg7 38. Rxa8 Qxc2 39. Qg2 1-0